000 00788nam a2200229 c 4500
005 20210210192829.0
008 120830s2014 nyua|||gr|||| 00| 0 eng d
020 _a9780073375854
040 _aCO-BoUCM
_bspa
_cDeissy Garcia
_dDeissy Garcia
041 _aeng
100 1 _aBernheim, B. Douglas
_9101559
245 1 0 _aMicroeconomics
_cB. Douglas Bernheim, Michael D. Whinston
250 _a2a.Ed.
260 _aNueva York
_bMcGraw-Hill
_c2014
300 _axxix, 818 páginas
_bilustraciones
490 0 _aThe McGraw-Hill series in economics
504 _aIncluye referencias bibliográficas e índices
650 7 _919488
_aMicroeconomía
700 1 _9102307
_aWhinston, Michael Dennis
942 _cLIBRO
_2DEWEY
_a7
_e2
_h338.5
_mB527m
_n0
999 _c318236
_d318236